Canadian Armoured Fighting Vehicles - Statistics

General Stats
  • This quiz has been taken 11 times
  • The average score is 6 of 13
Answer Stats
Picture Answer % Correct
LAV III
78%
Ram
67%
Bison
56%
Coyote
56%
LAV VI
56%
Leopard C2
56%
TAPV
56%
Valentine
56%
Grizzly
44%
Super Bison
33%
Cougar
22%
Grizzly I
22%
Husky
22%
No matching quizzes found
Score Distribution
Percent of People with Each Score
Percentile by Number Answered
Your Score History
You have not taken this quiz